Normal view
MARC view
Entry Topical Term
001 - CONTROL NUMBER
- control field: 27779
003 - CONTROL NUMBER IDENTIFIER
- control field: OSt
005 - DATE AND TIME OF LATEST TRANSACTION
- control field: 20260609101836.0
008 - FIXED-LENGTH DATA ELEMENTS
- fixed length control field: 260609|| aca||aabn | a|a d
040 ## - CATALOGING SOURCE
- Original cataloging agency: OSt
- Transcribing agency: OSt
150 ## - HEADING--TOPICAL TERM
- Topical term or geographic name entry element: English Language- composition and Exercises-Study and Teaching(Elementary)
670 ## - SOURCE DATA FOUND
- Source citation: Work cat.: (OSt)23582: Pinnell, Gay Su 27723, The Continuum of Literacy Learning, Grades 3-8: A Grade to Teaching , 2005
